[Event "WLS Seniors Ch"]
[Site "?"]
[Date "2022.09.02"]
[Round "1.1"]
[White "Morris, Charles F"]
[Black "Adams, Mark"]
[Result "1/2-1/2"]
[WhiteElo "2082"]
[BlackElo "1877"]
[Annotator "kemen"]
[PlyCount "41"]
[EventDate "2022.??.??"]
[SourceVersionDate "2022.09.05"]

{[%evp 0,19,23,-29,-27,-51,-44,-51,-42,-43,-40,-44,4,-2,2,10,2,-1,4,-14,-10,
-20]} 1. c4 e5 {previous games with colours reversed were in 1999 & 1992, Bl
won both encounters} 2. g3 Nf6 3. Bg2 d5 4. cxd5 Nxd5 5. Nc3 Nb6 6. Nf3 Nc6 7.
O-O Be7 8. a3 (8. Rb1 O-O 9. b4 a6 10. a3 Be6 11. d3 f5 12. Bb2 Bf6 13. Nd2 Nd5
{Gourlay-Adams, 4NCL Online 2021,1/2-1/2}) 8... O-O 9. b4 Be6 10. Rb1 (10. Bb2
f6 11. d3 Qc8 12. Nd2 Rd8 13. Rc1 {Morris-Ralphs, WCPL 2016,1-0}) 10... f6 11.
d3 Nd5 (11... a5) (11... Nd4) (11... Qd7 {main lines, and the text ,
welltrodden by elite GMs}) 12. Bb2 Nxc3 13. Bxc3 Qd7 14. Nd2 (14. Re1 {4 draws}
) 14... Bd5 15. Bxd5+ Qxd5 16. Qb3 Rfd8 (16... Rad8 17. Qxd5+ Rxd5 18. Rfc1 Nd8
19. Nc4 Re8 $11 {Fernandez Vicente-Barraza Caracuel, Spanish Veterans ch 2016,
1-0 in 51 moves}) 17. Rfc1 a6 18. Ne4 Qxb3 19. Rxb3 Rd5 20. Ba1 Kf7 21. Kf1 $11
{(Draw?)} 1/2-1/2

[Event "WLS Seniors Ch"]
[Site "?"]
[Date "2022.09.02"]
[Round "1.2"]
[White "Hughes, Anthony"]
[Black "Saunders, Walter"]
[Result "1/2-1/2"]
[WhiteElo "1865"]
[BlackElo "1982"]
[Annotator "kemen"]
[PlyCount "133"]
[EventDate "2022.??.??"]
[SourceVersionDate "2022.09.05"]

1. c4 e5 2. Nc3 Nc6 3. g3 g6 {Wh not faced this line previously} (3... f5 4. d3
Nf6 5. Bg2 d6 6. e4 Be7 7. Nge2 O-O 8. O-O Qe8 9. Nd5 Bd8 {Hughes-Van Kemenade,
S Wales International 2022,0-1}) 4. Bg2 Bg7 5. e4 d6 6. Nge2 Nge7 7. d3 O-O 8.
O-O f5 9. Be3 (9. Nd5 Be6 10. Be3 {main}) 9... Nd4 (9... Be6 10. Qd2 Qd7 11.
Nd5 Nd4 12. Nxe7+ Qxe7 13. Bxd4 exd4 14. exf5 Bxf5 15. Bxb7 {Noden-Saunders,
4NCL 2005,1-0}) 10. Qd2 (10. f4 {main}) 10... fxe4 11. dxe4 Nec6 (11... Nf3+
12. Bxf3 Rxf3 $11 {3 draws, 3 Bl wins}) 12. f4 Bg4 {Fritz11 SE} (12... Be6 {
Fritz16 & KomodoDragon3}) 13. h3 Be6 14. Nd5 Nxe2+ 15. Qxe2 Nd4 16. Qd3 c6 17.
Nc3 Qd7 (17... c5 $11 {KomodoDragon3}) 18. Kh2 (18. g4 $14 {KomodoDragon3})
18... Rf7 19. Rf2 Raf8 20. Raf1 Qc8 21. g4 Bd7 22. f5 $16 Qd8 23. Qd2 gxf5 (
23... h5 24. gxh5 gxf5 25. exf5 Rxf5 26. h6 Rxf2 27. Rxf2 Bf6 28. Ne4 $16 {
KomodoDragon3}) 24. gxf5 $16 {solid, however} (24. exf5 $18 {open the B
diagonal & keeps the K side pawns threatening further advances} Qe7 25. Ne4 {
and the Engine starts saccing on f5 in desperation} d5 26. cxd5 cxd5 27. Bg5 {
is winning an exchange for starters}) 24... Kh8 25. Ne2 (25. Bf3 {prepares to
make use of the g file}) 25... Nxe2 (25... c5) 26. Rxe2 $18 Bc8 27. Bf3 Rg8 28.
Rg2 d5 29. Bg5 (29. cxd5 cxd5 30. Bg5) 29... Bf6 30. Rfg1 $16 (30. Bxf6+ $1
Qxf6 (30... Rxf6 31. Rxg8+ Kxg8 32. Rg1+ Kh8 33. cxd5 cxd5 34. Bd1 $18) 31.
Rxg8+ Kxg8 32. cxd5 $18 {KomodoDragon3}) 30... Bxg5 31. Rxg5 Rxg5 32. Qxg5 (32.
Rxg5 $16) 32... Qxg5 33. Rxg5 d4 $11 (33... dxe4 $11) 34. Be2 (34. c5 Rg7 35.
Rh5 Rg8 36. Be2 Kg7 37. Rg5+ Kf8 38. h4 h6 39. Rxg8+ Kxg8 40. b4 $11 {
KomodoDragon3}) 34... Rf6 (34... c5 $15) 35. Kg2 (35. c5 $18 {KomodoDragon3-
keeps Bl unable to get any activity} Rf8 36. Bc4 Bd7 37. f6 Be8 38. Rxe5 $18 (
38. Kg3 $18)) 35... c5 $15 36. Bd3 Bd7 $15 {now Wh's B has become the inferior
one} 37. Kf2 Be8 38. Bc2 Bf7 39. b3 h6 40. Rg1 a6 41. Bd3 Be8 42. Be2 Kh7 43.
Rg3 Bc6 44. Bd3 b5 45. Rg4 Be8 (45... bxc4 46. bxc4 (46. Bxc4 h5 47. Rg5 Kh6
48. h4 Bxe4 $19) 46... Be8 47. Rg1 Rb6 48. Rb1 Rxb1 49. Bxb1 Bf7 50. Bd3 $15 {
Bl is better , but there is no K entry}) 46. Rg3 Rb6 47. Ke2 b4 48. Bc2 a5 49.
Kd3 Bf7 50. Bd1 Ra6 51. Kc2 a4 52. Kb2 axb3 53. axb3 Be8 54. Be2 Bf7 55. Bd1
Ra8 56. Bf3 Ra3 57. Be2 Kh8 58. Rg2 Ra7 59. Rg1 Be8 60. Rg2 Rd7 61. Kc2 Rd6 62.
Rg3 Kh7 63. Rg2 Bc6 64. Bd3 Rf6 65. Rg3 Bb7 66. Rg1 Ra6 67. Kb2 {a blocked
position throughout} 1/2-1/2

[Event "WLS Seniors Ch"]
[Site "?"]
[Date "2022.09.02"]
[Round "1.3"]
[White "Van Kemenade, R."]
[Black "Williams, Duncan"]
[Result "0-1"]
[WhiteElo "1922"]
[BlackElo "1725"]
[Annotator "kemen"]
[PlyCount "146"]
[EventDate "2022.??.??"]
[SourceVersionDate "2022.09.05"]

{[%evp 0,59,48,-7,-34,-46,-35,-65,-54,-21,-42,-29,-34,-42,-28,-56,-18,-42,2,1,
0,-49,-53,-100,-91,-76,-85,-92,-86,-74,-78,-119,-65,-104,-112,-104,-87,-102,
-102,-124,-139,-115,-84,-75,-82,-160,-161,-161,-173,-170,-200,-192,-196,-197,
-207,-207,-207,-204,-196,-207,-207,-219]} 1. f4 d5 2. Nf3 Nf6 3. g3 g6 4. Bg2
Bg7 5. O-O O-O 6. d3 c5 7. Qe1 Qb6 (7... Nc6 {main}) 8. Kh1 (8. e4 {2-2-3})
8... d4 9. Na3 Be6 10. Ng5 (10. Nc4 Bxc4 11. dxc4 Nc6 12. a3 a5 13. Rb1 Nd7 14.
e3 e5 15. fxe5 Ndxe5 16. Nxe5 Nxe5 17. exd4 cxd4 18. b3 (18. Qe4 Nxc4 19. b4
$11) 18... Nxc4 {Lammers-Heppert, Blankenburg op 2006,1/2-1/2}) (10. e4 dxe3
11. Nc4 Bxc4 12. dxc4 Nc6 13. Qxe3 Rad8 $11 {KomodoDragon3}) 10... Bd5 11. Ne4
(11. e4 dxe3 12. Ne4 Qc6 13. Qxe3 b5 14. Rb1 Nbd7 15. b3 b4 16. Nc4 Nxe4 17.
dxe4 Bxc4 18. bxc4 Bd4 19. Qe2 Rad8 $15 {KomodoDragon3}) 11... Qc6 $17 12.
Nxf6+ exf6 13. Qf2 Re8 (13... f5) 14. Re1 f5 15. Rb1 (15. Nc4 Na6 (15... b5 16.
Na5 Bxg2+ 17. Qxg2 Qxg2+ 18. Kxg2 Nd7 19. a4 b4 20. Nc4 Nb6 21. Nxb6 axb6 22.
b3 Kf8 23. Kf3 $11) 16. Bxd5 Qxd5+ 17. Qg2 Qd7 18. e4 fxe4 19. Rxe4 Nb4 20. a3
Rxe4 21. dxe4 Qb5 22. axb4 Qxc4 23. bxc5 Rc8 24. Rxa7 Qxc5 25. Ra1 h5 $19 {
KomodoDragon3}) 15... Na6 16. Bd2 (16. Bxd5 Qxd5+ 17. Qg2 Qd7 18. e4 dxe3 19.
Bxe3 Rac8 20. c3 b5 $19 {KomodoDragon3}) 16... Nb4 17. Bxb4 (17. c4 dxc3 (17...
Bxg2+ 18. Qxg2 Qb6 19. Ra1 Re7 $19) 18. bxc3 Nxa2 19. e4 fxe4 20. c4 e3 21.
Rxe3 (21. cxd5 exf2 22. dxc6 fxe1=Q+ 23. Bxe1 bxc6 24. Bxc6 Nb4 25. Bxe8 Rxe8
26. Bxb4 cxb4 27. Rxb4 Bf8 28. Rb3 a5 $19 {KomodoDragon3- the a pawn is
decisive}) (21. Bxe3 Bxg2+ 22. Qxg2 Nb4 23. Qxc6 bxc6 24. Kg2 (24. Bxc5 Rxe1+
25. Rxe1 Nxd3) 24... Nxd3 $19 {KomodoDragon3})) 17... cxb4 18. Nc4 b5 19. Na5
Bxg2+ 20. Qxg2 Qc7 21. Nb3 Qxc2 (21... a5) 22. Qd5 (22. e4 Qxg2+ 23. Kxg2 fxe4
24. Rxe4 Rec8 (24... Rxe4 25. dxe4 a5 $15) 25. Re2 a5 $17) 22... Rad8 23. Qxb5
Rxe2 24. Rxe2 Qxe2 $19 25. Qxb4 (25. Qc4 {keeps the d pawn, but risks a mating
attack from} Re8) 25... Qf3+ (25... Qxd3) (25... Re8) 26. Kg1 Qe3+ 27. Kh1 (27.
Kg2 $5) 27... Qxd3 28. Re1 Qf3+ (28... Rc8 29. Qd2 Qxd2 30. Nxd2 Rc2 {feared
by Wh, should be simple win for Bl}) 29. Kg1 d3 30. Qd2 Qd5 31. Rd1 Rd6 (31...
a5 32. Qg2 (32. Qxa5 Bd4+) 32... Qc4 33. Kh1 a4 34. Nd2 Qxa2 $19 {KomodoDragon3
}) 32. h3 Bf6 (32... Qf3 33. Kh2 Re6 $19 {KomodoDragon3}) 33. Kh2 Bd8 34. Nc1
Bb6 (34... Qf3 35. Nxd3 Bb6 36. Qc2 Be3 37. b3 h5 38. h4 Rc6 39. Qb1 Qe2+ 40.
Kh3 Rc2 $19 {KomodoDragon3}) 35. Qxd3 {Wh now had hopes of winning the ending
with the Q side pawns} Qc5 {an ingenious attempt at a mate} (35... Bd4 36. Qe2
Qc6 37. Qg2 (37. Nb3 Re6 38. Qg2 Qxg2+ 39. Kxg2 Bxb2 $17) 37... Bf6 38. Rxd6 (
38. Qxc6 Rxc6 39. b3 Rc2+ 40. Kg1 Kf8 $17) 38... Qxd6 39. b3 Qd1 40. Ne2 Kg7
41. Ng1 Bd4 42. Nf3 Be3 $11 {KomodoDragon3}) 36. Qxd6 Qf2+ 37. Kh1 Qxg3 {
pursuing a mate} (37... Qf3+ 38. Kh2 Qf2+ {is the most for Bl here}) 38. Qd3
Be3 39. Qf1 {the defence missed by Bl in his calculations} Bxf4 40. Qg2 Qe3 41.
Ne2 Be5 42. Nc3 (42. b3) 42... Kg7 (42... Bxc3 $5 43. bxc3 Qxc3 44. Rd5 {
should be winning for Whbut there are a lot of Bl Q checks to be countered})
43. Nd5 {the N now controls key squares} Qc5 44. b4 Qb5 45. Qf1 Qc6 46. Qe2 f6
47. Qd2 (47. b5 Qb7 48. a4 $18 {KomodoDragon3-consistent}) 47... Qc4 48. a4 Qh4
49. Qg2 h5 50. Ne3 (50. Ne7 $1 Bg3 51. Rd7 Kh6 52. Ng8+ Kg5 53. Rd3 $18 {
KomodoDragon3}) (50. a5 a6 51. Ne7 $18 (51. b5 axb5 52. a6 Qa4 53. Ne3 Qxa6 54.
Nxf5+ Kh8 55. Qxg6 $18)) 50... Qxb4 51. Nxf5+ (51. Rd7+ Kh8 (51... Kh6 52.
Nxf5+ gxf5 53. Qg7#) 52. Qa8+ Bb8 53. Rd8+ Kg7 54. Qxb8 Qe1+ 55. Kh2 Qxe3 56.
Rg8+ Kh6 57. Rh8+ Kg5 58. Qg3+ $18) 51... Kh7 52. Rd7+ Kh8 53. Qa8+ (53. Qc2 $1
{KomodoDragon3, and Bl is forced to swap off Qs}) 53... Bb8 54. Ng3 $2 {
after some thought, to cover e2 from checks, but the worst possible way to
avoid a perpetual} (54. Rd8+ Kh7 55. Qxb8 {pm analysis- Wh was only looking at
keeping on the Wh diagonal} (55. Rxb8 Qe1+ 56. Kh2 Qf2+ 57. Qg2 Qf4+ 58. Qg3 (
58. Ng3 Qxb8 $16) 58... Qd2+ 59. Kh1 Qc1+ 60. Kg2 Qc6+ 61. Qf3 Qc2+ 62. Kg3)
55... Qe1+ 56. Kg2 Qe2+ 57. Kg3 Qe1+ 58. Kf3 Qf1+ 59. Ke3 Qe1+ 60. Kd3 Qd1+ 61.
Kc3 Qe1+ 62. Kd4 Qd2+ 63. Kc5 Qa5+ 64. Kc6 Qxa4+ 65. Kd6 Qf4+ 66. Ke7 Qe4+ 67.
Kf8 {mating}) 54... Qe1+ 55. Kg2 Qxg3+ 56. Kf1 Qxh3+ 57. Ke2 Qxd7 58. Qxb8+ Kg7
$19 59. a5 a6 (59... h4 60. a6 Qd4 61. Qb7+ Kh6) 60. Qb6 Qg4+ (60... h4 61.
Qxa6 h3 62. Qa8 h2 63. Qh1 Qf5 64. a6 Qe6+ 65. Kd2 Qxa6 $19 {KomodoDragon3,
but much more to calculate}) 61. Kd2 Qc4 62. Qb7+ Kh6 63. Qb6 Kg5 64. Qg1+ Kf5
(64... Qg4 65. Qc5+ Qf5 66. Qg1+ Kh6) 65. Qb1+ Qe4 66. Qb6 Qd5+ 67. Kc2 Qc4+
68. Kd1 (68. Kb2 $5) 68... h4 69. Qb1+ Qe4 70. Qb6 h3 71. Qxa6 h2 72. Qc8+ Kg5
73. Qc5+ f5 0-1

[Event "WLS Seniors Ch"]
[Site "?"]
[Date "2022.09.02"]
[Round "1.4"]
[White "Thomas, Roy"]
[Black "Davis, Lee"]
[Result "0-1"]
[WhiteElo "1671"]
[BlackElo "1922"]
[Annotator "kemen"]
[PlyCount "68"]
[EventDate "2022.??.??"]
[SourceVersionDate "2022.09.05"]

{[%evp 0,11,19,-30,-4,-11,-10,-26,5,5,-13,-11,-7,-14]} 1. f4 (1. e4 g6 2. d4 d6
3. Nc3 Bg7 4. Be3 Nf6 5. h3 c6 6. Qd2 b5 7. a3 O-O 8. Nf3 Bb7 9. Bd3 Nbd7 10.
O-O Nb6 11. b3 a6 {Thomas-Davis,S Wales International 2019,0-1}) 1... g6 2. Nf3
Bg7 3. e3 d6 4. d4 {main} (4. d3 Nf6 5. Be2 c6 6. O-O Qb6 7. d4 Nbd7 8. Nbd2 a5
9. a4 O-O 10. Kh1 Qc7 {Thomas-Davis,West Wales op, 2014,0-1}) 4... Nf6 5. Bb5+
{forces Bl to make a move he would most likely have played anyway} (5. Bd3 {
1,131 games}) 5... c6 6. Be2 $146 {Fritz11 SE} (6. Bd3 {1-2, deep Fritz14 &
KomodoDragon3}) 6... Nbd7 (6... c5 $17 {KomodoDragon3 & Houdini5}) 7. O-O O-O
8. Nc3 b6 (8... b5 {Cloud Engines, is more active}) 9. e4 $14 Bb7 10. h3 (10.
Qe1 $16 {KomodoDragon3}) 10... b5 11. a3 (11. e5 Ne8 12. Be3 $14 {Cloud Engines
}) 11... a5 (11... c5 $15 {KomodoDragon3 & FatFritz2}) 12. e5 Ne8 13. Be3 b4 (
13... Nc7 {Cloud Engines}) 14. axb4 axb4 15. Ne4 (15. Na4 Nc7 16. c4 bxc3 17.
Nxc3 Rxa1 18. Qxa1 $11 {KomodoDragon3}) 15... c5 (15... Rxa1 16. Qxa1 c5 $19 {
Cloud Engines, the Q has been moved away from the centre}) 16. Nf2 (16. Rxa8
Qxa8 17. Nf2 Nc7 $15 {Cloud Engines}) 16... Nc7 (16... Rxa1) 17. c4 (17. Rxa8)
17... Rxa1 18. Qxa1 cxd4 (18... Bxf3 $1 {Fritz13, FatFritz2 & KomodoDragon3})
19. Bxd4 (19. Nxd4) 19... Ne6 $19 (19... Bxf3 $19) 20. Be3 dxe5 21. Nxe5 Nxe5
22. fxe5 Qc7 (22... Bxe5 {also}) 23. Ng4 Bxe5 (23... Nd8 {FatFritz2 &
KomodoDragon3}) 24. Qc1 (24. Nxe5 {the Engines, looks better as well}) 24...
Bd4 (24... Bd6) 25. Kh1 Qg3 (25... f5 $1 {Engines united}) 26. Bf3 Bxe3 (26...
Bxf3 27. Rxf3 Qc7 $19 {Engines}) 27. Qxe3 Bxf3 28. Rxf3 Qd6 $19 29. Rg3 Qf4 (
29... f5 $19) 30. Qd3 (30. Qxf4 Nxf4 31. Rb3 h5 32. Ne3 Rb8 33. Nc2 Rd8 34.
Rxb4 Rd2 35. Ne3 Nd3 36. Rb7 e6 37. b4 Re2 38. Nf1 Rb2 39. b5 Nc5 40. Rc7 Ne4
$17 {though the Wh pawns do look rather threatening.} 41. g3 g5 42. Rc6 Nf2+
43. Kg2 Ng4+ 44. Kg1 Ne5 45. Rc8+ Kg7 46. Ne3 f5 47. Kf1 Kf7 $17 {still looks
like lots of play left}) 30... Rd8 31. Qf3 Qxf3 32. Rxf3 f6 (32... Rd1+ 33. Kh2
Nd4 34. Re3 Kf8 $19 {the Bl pieces collaborate better}) 33. Rb3 Rb8 34. Ne3 (
34. Re3 {the engines} Rb6 $19) 34... Nc5 0-1

[Event "WLS Seniors Ch"]
[Site "?"]
[Date "2022.09.03"]
[Round "2.1"]
[White "Davis, Lee"]
[Black "Quinn, Peter"]
[Result "1-0"]
[WhiteElo "1922"]
[BlackElo "1645"]
[Annotator "kemen"]
[PlyCount "91"]
[EventDate "2022.??.??"]
[SourceVersionDate "2022.09.05"]

{[%evp 0,23,28,19,38,-10,23,23,51,23,30,11,24,15,22,24,55,39,32,22,67,51,75,67,
66,56]} 1. d4 Nf6 2. g3 g6 3. Bg2 Bg7 4. Nf3 (4. e4 $5) 4... O-O 5. c4 d6 6.
O-O Nbd7 7. Nc3 h6 8. e4 e5 9. h3 Kh7 (9... Nh7) (9... Re8) (9... c6) 10. Be3
c6 11. Qc2 Qe7 12. b3 $146 (12. Rad1 {main, Davis, C Davies, WLS ch 2008,1-0})
12... Ne8 (12... b6 13. Rfd1 Bb7 14. d5 a5 15. Nd2 $16 {KomodoDragon3}) 13.
Rad1 Ndf6 14. Bc1 (14. c5 exd4 15. cxd6 Nxd6 16. Bxd4 Nfxe4 17. Bxg7 Kxg7 18.
Nxe4 Nxe4 19. Rfe1 f5 20. Nd2 $18 {KomodoDragon3}) 14... Qc7 15. dxe5 (15. c5)
15... dxe5 16. Ba3 Rg8 17. Qd2 Be6 (17... Qa5 18. Bb2 Be6) 18. Rfe1 Nd7 (18...
Bf8) 19. Na4 (19. Nd5 $16 {KomodoDragon3}) 19... f5 $2 {opens Bl up rather
than Wh} (19... Bf8 $14) 20. Bd6 (20. exf5 $1 Bxf5 (20... gxf5 21. Nd4) 21. g4
Be6 22. Nc5 Nxc5 23. Bxc5 Bf6 24. Qe3 Qg7 25. Nxe5 Bxe5 26. Qxe5 Qxe5 27. Rxe5
Ng7 28. Rd6 $18 {KomodoDragon3Bl's centre has gone}) 20... Nxd6 21. Qxd6 Qxd6
22. Rxd6 Rge8 (22... Rae8 $11 {KomodoDragon3}) 23. Red1 Nf8 24. Nc5 $18 Re7 (
24... Bc8) 25. Nxe6 Nxe6 26. exf5 gxf5 27. Nh4 Nd4 28. Nxf5 Nxf5 29. Be4 Rf7
30. g4 Bf6 31. Bxf5+ Kg7 32. Rd7 (32. Re6 {KomodoDragon3}) 32... Raf8 33. Be6
Re7 34. Rxe7+ Bxe7 35. Rd7 Kf6 36. Bf5 Rb8 37. Kg2 a5 38. h4 b5 39. Rc7 Rb6 40.
Kf3 a4 41. Be4 (41. Ke4) 41... axb3 42. axb3 c5 43. g5+ hxg5 44. hxg5+ Ke6 45.
g6 Bd6 46. g7 (46. Rf7 {also}) 1-0

[Event "WLS Seniors Ch"]
[Site "?"]
[Date "2022.09.02"]
[Round "2.2"]
[White "Williams, Duncan"]
[Black "Morris, Charles F"]
[Result "0-1"]
[WhiteElo "1725"]
[BlackElo "2085"]
[Annotator "kemen"]
[PlyCount "64"]
[EventDate "2022.??.??"]
[SourceVersionDate "2022.09.05"]

{[%evp 0,64,19,9,30,36,33,22,38,-11,21,20,-9,18,23,-42,-20,-69,-56,-73,-55,-78,
-55,-99,-54,-34,-34,-34,-71,-72,-79,-92,-62,-62,-50,-115,-45,-122,-144,-144,
-159,-194,-158,-202,-256,-254,-240,-299,-300,-300,-279,-314,-307,-307,-308,
-320,-320,-344,-321,-544,-524,-523,-495,-527,-399,-549,-286]} 1. e4 e6 2. d4 d5
3. e5 c5 4. c3 Qb6 (4... Nc6 5. Nf3 Bd7 6. a3 {Williams 1-0-1}) 5. Nf3 Nc6 (
5... Bd7 {another idea}) 6. Bd3 (6. a3 {main; 5-3-1 Morris}) 6... cxd4 7. O-O (
7. cxd4 Bd7 8. Bc2 Nb4 9. O-O {Bridges-Morris, Swales op 2015,0-1; WCPl 2015,
0-1}) 7... Bd7 8. Re1 {this version of the Milner-Barry Gambit has been played
by elite GMs} Nge7 9. h4 {main} h6 10. h5 Rc8 11. Na3 {Stockfish 14.1 &
KomodoDragon3} (11. Nbd2 {8-2-2}) 11... a6 12. Nc2 (12. Nxd4 Nxd4 13. cxd4 Qxd4
14. Nc2 Qb6 15. Be3 Qc7 16. Bf4 $11 {Cloud Engines}) 12... dxc3 13. bxc3 Na5
14. Be3 Qc7 15. Rb1 b5 (15... Ba4 16. Nfd4 Nc4 17. Bc1 $11 {Cloud Engines}) (
15... Nc4 16. Bxc4 Qxc4 17. Rxb7 Nf5 18. Nfd4 Nxe3 19. Nxe3 Qxc3 20. Nxd5 exd5
21. e6 $18 {Puranik(2580)-Haria (2440), Riga Tech op 2021, 1-0}) 16. Nb4 $16 (
16. a4 $16) 16... Qb7 17. Nd4 Nc4 18. f4 (18. Bf4 $14) (18. Bc1 $14 {both
KomodoDragon3}) 18... Nxe3 19. Rxe3 Rxc3 {Lc0 v023.3} (19... Nf5 20. Bxf5 exf5
21. e6 $11 {KomodoDragon3}) 20. a4 {[%eval 2303,0] Lc0 v0} (20. Nxa6 {
KomodoDragon3} Nf5 21. Nxf5 Rc8 22. Nd4 Qxa6 23. Nxb5 Qxa2 24. Rg3 $16) 20...
Qa7 $19 21. Nbc2 bxa4 (21... b4 $1) 22. Qe1 Rc7 23. Kh1 Nc6 24. Nxc6 Bxc6 25.
f5 Bc5 $19 (25... Be7 $19) (25... Bb5 $19) 26. Rf3 exf5 (26... d4 27. Rg3 Bb5
$19 {KomodoDragon3}) 27. Qg3 (27. e6 $5 O-O 28. Qe5 g6 29. Rg3 f6 30. Rxg6+ Rg7
$17 {KomodoDragon3}) 27... O-O 28. Rxf5 Bb5 29. Rxb5 {[%eval 2303,0] Lc0 v0}
axb5 30. Rf6 Rfc8 31. Rxh6 Bf2 (31... Bf8 {KomodoDragon3}) 32. Qg5 Rxc2 {
and Wh lost on time} 0-1

[Event "WLS Seniors Ch"]
[Site "?"]
[Date "2022.09.02"]
[Round "2.3"]
[White "Saunders, Walter"]
[Black "Penny, Liam"]
[Result "0-1"]
[WhiteElo "1982"]
[BlackElo "1765"]
[Annotator "kemen"]
[PlyCount "98"]
[EventDate "2022.??.??"]
[SourceVersionDate "2022.09.05"]

{[%evp 0,89,19,16,18,-23,-10,-9,-37,-59,-19,-13,-17,-8,15,-10,-24,-26,-27,-21,
15,3,12,5,-23,16,10,17,22,7,12,-37,18,0,-9,-27,-11,-7,-6,-21,-29,-70,-21,-87,
-30,-58,-46,-57,-57,-139,-144,-177,-180,-189,-176,-134,-95,-175,-207,-243,-220,
-215,-156,-204,-156,-156,-151,-158,-133,-229,-238,-371,-382,-427,-417,-556,
-420,-441,-441,-500,-514,-522,-497,-536,-521,-552,-552,-680,-511,-566,-440,
-558]} 1. Nf3 Nf6 2. c4 e6 3. g3 d5 4. Bg2 dxc4 (4... Be7 {main}) 5. Qa4+ Nbd7
6. Qxc4 a6 (6... c5 {main}) 7. O-O b5 8. Qc6 (8. Qc2 {main}) 8... Rb8 9. Qc2 c5
10. d3 Bb7 11. Nbd2 $146 (11. a4) (11. Bf4) 11... Be7 12. b3 O-O 13. Bb2 Nd5 (
13... Rc8 {transposes to 165 games}) 14. Rac1 Rc8 15. Ne4 (15. Qb1 {20 games})
(15. a3 {10 games, scores best for Wh}) 15... N7f6 (15... f5 {Deep Fritz14} 16.
Nc3 Bf6 17. Rfd1 Qe7 18. Qd2 Rfd8 19. Nxd5 Bxd5 20. Bxf6 Nxf6 $11 {Palencia
Morales-Carrillo Parra, COL ch Cali, 2021,1-0}) (15... b4 16. Ne5 Nxe5 17. Bxe5
f6 18. Bb2 f5 19. Nd2 Bf6 20. Nc4 Rc7 $11 {Genov-Dimitrov, BUL ch 1991,1/2-1/2}
) (15... Qb6 16. a3 Rfd8 $15 {KomodoDragon3}) 16. Nfd2 Qb6 (16... Nxe4 17. Bxe4
Nb4 18. Qb1 Bd5 $15 {both Engines}) 17. a3 Rfd8 18. Ng5 (18. Nxf6+) 18... h6 (
18... Ne3 19. fxe3 Bxg2 20. Kxg2 Nd5 21. Rxf7 Nxe3+ 22. Kh1 Nxc2 23. Rxg7+ Kf8
24. Rf1+ Ke8 25. Rff7 Bxg5 26. Ne4 Qc6 27. Ra7 Rd7 28. Rg8+ Ke7 29. Rg7+ Kd8
30. Rg8+ $11 {both Engines}) (18... c4 19. bxc4 Ne3 20. fxe3 Qxe3+ 21. Kh1
Bxg2+ 22. Kxg2 Qxg5 23. Bxf6 gxf6 24. Nf3 Qe3 $17 {KomodoDragon3}) 19. Nh3 (19.
Ngf3) 19... Ng4 $17 20. Nf3 Bf6 21. Bxf6 Ngxf6 22. Qb2 b4 23. a4 (23. axb4 cxb4
24. Rxc8 Rxc8 25. Qd4 Qxd4 26. Nxd4 e5 27. Nf5 Rc3 $19 {KomodoDragon3}) 23...
Nc3 $19 24. Kh1 (24. Ne5 {both Engines}) 24... Qc7 (24... Bxf3 25. Bxf3 e5 $19
{both Engines}) 25. Qd2 e5 26. Qb2 Rd7 27. Nhg1 e4 28. dxe4 Nfxe4 {the Bl
pieces have taken over the board} 29. h3 Rcd8 (29... Nxf2+ $1 30. Rxf2 Ne4 31.
Ne5 Nxf2+ 32. Kh2 Re7 $19 {KomodoDragon3}) 30. Kh2 Nd1 {the invasion begins-
there is more than one way for Bl to cash in} 31. Qe5 Ndxf2 32. Qxc7 Rxc7 33.
Ne5 f6 34. Bxe4 Nxe4 35. Nd3 Nd2 36. Rf5 Nxb3 37. Rb1 Be4 38. Rf4 Bxd3 39. Rxb3
Bc2 40. Rb2 Bxa4 41. Nf3 a5 42. Nd2 Bb5 43. Nc4 Bxc4 44. Rxc4 Rd4 45. Rcc2 a4
46. Kg2 a3 47. Rb3 Ra7 48. Ra2 Ra4 49. e3 Rd1 0-1

[Event "WLS Seniors Ch"]
[Site "?"]
[Date "2022.09.03"]
[Round "2.4"]
[White "Adams, Mark"]
[Black "Probert, Malcolm"]
[Result "1-0"]
[WhiteElo "1877"]
[BlackElo "1573"]
[Annotator "kemen"]
[PlyCount "83"]
[EventDate "2022.??.??"]
[SourceVersionDate "2022.09.05"]

{[%evp 0,14,35,20,70,61,61,61,99,64,68,61,43,51,41,12,28]} 1. e4 c6 2. d4 d5 3.
e5 Na6 4. c3 Nc7 {main} 5. Bd3 g6 6. Ne2 Bg7 (6... h5 {main}) 7. Nd2 Nh6 {
3.5-0.5; Bl's setup is solid, but passive} (7... f6 {5-0}) 8. Nf3 (8. Ng3) (8.
Nf1 {played}) 8... Bf5 9. Ng3 (9. Bxh6 Bxh6 10. Bxf5 gxf5 11. Qc2 e6 12. O-O
$18 {KomodoDragon3}) 9... Qd7 10. O-O (10. Nxf5 Nxf5 11. O-O O-O 12. Re1 $18 {
KomodoDragon3-Bl lacks space}) 10... Bxd3 11. Qxd3 Nf5 12. Bd2 h5 13. h3 Nh6 (
13... h4 {is consistent}) 14. Ng5 (14. Rfe1 Ne6 (14... Nf5 15. e6 Nxe6 16. Nxf5
gxf5 17. Qxf5 $18) 15. Nh4 O-O-O 16. f4 $18 {KomodoDragon3}) 14... Ne6 15. f4
O-O-O 16. f5 $18 Nxg5 17. Bxg5 Nxf5 18. Nxf5 gxf5 19. Qxf5 Qxf5 (19... f6 $5)
20. Rxf5 f6 21. exf6 exf6 22. Bxf6 Bxf6 23. Rxf6 {a pawn is a pawn} Rde8 24.
Raf1 h4 25. R6f4 (25. Rf7 a5 26. Rg7 Re2 27. Rf2 Rxf2 28. Kxf2 $18 {
KomodoDragon3}) 25... Re2 26. R1f2 Re3 27. Rf8+ Rxf8 28. Rxf8+ Kc7 29. Kf2 Rd3
30. Re8 (30. Rf7+ Kc8 31. Rf4 Rd2+ 32. Kf3 Rxb2 33. Rxh4 Rxa2 34. g4 $18 {
KomodoDragon3}) 30... Kd7 31. Re2 {Wh has gone on the defensive} (31. Rh8 $16)
31... Kd6 (31... b5 32. Ke1 a5 33. Rf2 Rg3 34. Kf1 Rd3 $11 {KomodoDragon3}) 32.
Ke1 Rg3 33. Kd2 Kd7 (33... a5 $11 {KomodoDragon3}) 34. a4 a5 35. Ke1 b6 $11 (
35... b5 $11) 36. Kf1 Rd3 37. Rf2 Rd1+ $2 {lifting the blockade of the K side
pawns} (37... b5 $11) (37... c5 $11) 38. Ke2 $18 Rb1 39. Kf3 Re1 40. Kg4 (40.
Re2 Ra1 41. Kg4 $18 {KomodoDragon3}) (40. g4 hxg3 41. Kxg3 $18) 40... Re4+ 41.
Rf4 Ke6 $2 (41... Re2 42. Kf3 Rxb2 43. Rxh4 Rc2 (43... b5) 44. g4 Rxc3+ 45. Kf4
Rd3 46. Rh7+ (46. Ke5 Re3+ 47. Kf5 Rf3+ $11) 46... Ke6 47. Rh6+ Kd7 48. Ke5
Re3+ $11 {KomodoDragon3}) 42. Kf3 (42. Rxe4+ $1 dxe4 43. c4 $18 {KomodoDragon3}
) 1-0